000 00371nam a2200133Ia 4500
008 191014s9999 xx 000 0 und d
020 _a0-486-68735-X
082 _a514.3
_bART
100 _aLynn Arthur Steen and J.Arthur Seebach ,Jr
_920361
245 0 _aCounterexamples in Topology
260 _aUSA
_bDover Publications INC.
_c1995
300 _aXi,244
942 _cBK
999 _c530938
_d530938